Top 5 Countries with the most mosquitoes - Statistics

General Stats
  • This quiz has been taken 24 times
  • The average score is 4 of 5
Answer Stats
Cause Rank Answer % Correct
Amazon Rainforest 1 Brazil
100%
Many Rainforests 2 Indonesia
87%
Monsoon Season 3 India
83%
Some Rainforests 5 D.R. Congo
70%
Moist air or Rainforest 4 Nigeria
43%
No matching quizzes found
Score Distribution
Percent of People with Each Score
Percentile by Number Answered
Your Score History
You have not taken this quiz